| 000 | 01037cab a2200301 4500 | ||
|---|---|---|---|
| 001 | ABS46376 | ||
| 008 | 090401t1992 xxu||||| |||| 00| 0 eng d | ||
| 035 | _a(Sirsi) u57998 | ||
| 041 | _aeng | ||
| 100 | _aNeustein, R.A. | ||
| 245 | _aEstimating value diminution by the income approach | ||
| 260 | _c1992 | ||
| 350 | _a0 | ||
| 490 |
_aAppraisal Journal _v60(2) April 1992, 283-287(3) |
||
| 520 | _aFalls in the value of income-generating property caused by contamination may be calculated on the basis of two factors: reduced net income, together with mark-up risk premium applied to the capitalisation rate. | ||
| 650 | _aCAPITALISATION METHOD | ||
| 650 |
_aContamination _96231 |
||
| 650 | _aDIMINUTION IN VALUE | ||
| 650 | _aINCOME APPROACH | ||
| 650 | _aPOLLUTION | ||
| 650 | _aSALES COMPARISON | ||
| 650 | _aVALUATION METHODS | ||
| 650 | _aVALUES | ||
| 690 | _aPROPERTY-COMMERCIAL PROPERTY-COMMERCIAL PROPERTY APPRAISAL AND VALUATION | ||
| 690 | _aRATING AND VALUATION | ||
| 942 | _n0 | ||
| 948 | _c04/03/1997 | ||
| 999 |
_c35390 _d35390 |
||